000 00306nam a22001457a 4500
008 230707b ||||| |||| 00| 0 eng d
020 _a9780262720311
041 _aeng
080 _a159.9
082 _a159.9VAL
100 _a25
101 _aPSI
245 _aWHY SO SLOW
_cVALIAN.V
942 _2udc
_cBK
999 _c60120
_d60120